Normal view
MARC view
- Punjabi, Urdu, English in Pakistan
Entry Topical Term
001 - CONTROL NUMBER
- control field: 29916
003 - CONTROL NUMBER IDENTIFIER
- control field: NUST
005 - DATE AND TIME OF LATEST TRANSACTION
- control field: 20200904121631.0
008 - FIXED-LENGTH DATA ELEMENTS
- fixed length control field: 200904|| aca||aabn | a|a d
040 ## - CATALOGING SOURCE
- Original cataloging agency: NUST
- Transcribing agency: NUST
150 ## - HEADING--TOPICAL TERM
- Topical term or geographic name entry element: Punjabi, Urdu, English in Pakistan
670 ## - SOURCE DATA FOUND
- Source citation: Work cat.: (NUST): Mansoor, Sabiha 29915, Punjabi, Urdu, English in Pakistan :, c 2017
